000 02306nam0a2200517 4500
001 v19\rc\1772339
005 20260607232555.0
035 _a(NLR Aleph) 004869379
035 _aRU\NLR\DIGIT\111961
035 _a(РНБ)rc\1772339
090 _a13728034
_c13728034
100 _a20061204d1904 |||y0rusy50 ca
101 0 _arus
102 _aRU
105 _ay z |||a|
135 _acoco 024aaaaa
200 1 _aСказочные были
_eстарое в новом
_e[рассказы и статьи]
_fА.В. Амфитеатров
205 _a2-е изд., 4-я тысяча
210 _aСанкт-Петербург
_cОбщественная польза
_d1904
215 _a[12], 255 с.
_d21
300 _aЭл.копия создана на основе экземпляра РГБ
316 _aК экз. РНБ на шифре Л30 Б-3/198(аллиг. 1) приплетено: А.В. Амфитеатров. Курганы. Спб., 1905
_5NLR: Л, 30/Б-3/198(аллиг. 1)
325 _aКопия доступна в Электрон. б-ке РНБ http://vivaldi.nlr.ru/bx000005918/view
481 0 _1001v19\rc\1787768
482 0 _1001v19\rc\1787768
_12001#$aКурганы
_1210##$aСанкт-Петербург$d1905
_1700#1$3RU\NLR\AUTH\773200$7ca$aАмфитеатров$bА.В.$f1862-1938$gАлександр Валентинович
532 1 3 _aСказочные были
686 0 _aШ6(2=Р)52-4
700 1 _aАмфитеатров
_bА. В.
_f1862-1938
_gАлександр Валентинович
_3RU\NLR\AUTH\773200
_7ca
801 0 _aRU
_bNLR
_gpsbo
801 0 _aRU
_bRuMoRGB
_2psbo
801 1 _aRU
_bProSoft-M
_2rusmarc
801 2 _aRU
_bNLR
_c20140410
_2rusmarc
852 _aNLR
_j38.39.2.33
852 _aNLR
_jЛ30 Б-3/198(аллиг. 1)
856 0 _uhttp://vivaldi.nlr.ru/bx000005918/view
856 1 _uhttp://vivaldi.nlr.ru/bx000005918/cover
856 2 _uhttp://vivaldi.nlr.ru/bx000005918/text
899 _aRuMoRGB
_jJ 61/176
899 _aRuMoRGB
_jU 162/141
899 _aБАН
899 _aГПИБ
942 _cBOOK
980 _aNB
981 3 3 _a(33) Художественная литература
_b(33) Отечественная литература